000 00513nam a2200181Ia 4500
008 090630s9999 xx 000 0 und d
082 _b9208
100 _aराजे शैलजा.
245 _aसौदा.
_cराजे शैलजा.
260 _bवसंत बुक.
_c1989
300 _a165
600 _aराजे शैलजा.
630 _aसौदा.
655 _aलघुकथा.
700 _aराजे शैलजा.
730 _aसौदा.
942 _cBOOK
999 _c261064
_d261064